000 00543nam a22001695i 4500
001 98686
003 ES-MaACL
005 20230906182340.0
007 t|
008 950921s1870 gw ||||1| ger d
245 0 4 _aDas armenwesen und die armengesetzgebung in Europèaischen staaten /
_cunter mitwirkung A. Bammel... [et al.]; herausgegeben von A. Emminghaus.
260 _aBerlin :
_bF.A. Herbig,
_c1870.
300 _aVIII, 727 p. ;
_c23 cm.
700 1 _aBammel, A.
_925151
700 1 _aEmminghaus, A.
_947159
852 _aES-MaACL
_jG-2915
999 _c98686
_d98686